Vista normal
Vista MARC
Entrada Geographic Name
Número de registros utilizados en: 2
001 - CONTROL NUMBER
- control field: 38132
003 - CONTROL NUMBER IDENTIFIER
- control field: OSt
005 - DATE AND TIME OF LATEST TRANSACTION
- control field: 20230915232039.0
008 - FIXED-LENGTH DATA ELEMENTS
- fixed length control field: 230915|| aca||aabn | a|a d
040 ## - CATALOGING SOURCE
- Original cataloging agency: OSt
- Transcribing agency: OSt
151 ## - HEADING--GEOGRAPHIC NAME
- Geographic name: Barranquilla (Colombia) - Población - Historia
670 ## - SOURCE DATA FOUND
- Source citation: Work cat.: (OSt)32689: Minski, Samuel. 38130, AfroBarranquilla : , 2011.